Training and productivity: evidence for US manufacturing industries (Record no. 87214)

000 -LEADER
fixed length control field 01075pab a2200205 454500
008 - FIXED-LENGTH DATA ELEMENTS--GENERAL INFORMATION
fixed length control field 180718b2010 xxu||||| |||| 00| 0 eng d
100 ## - MAIN ENTRY--PERSONAL NAME
Personal name Sepulveda, Facundo
245 ## - TITLE STATEMENT
Title Training and productivity: evidence for US manufacturing industries
260 ## - PUBLICATION, DISTRIBUTION, ETC.
Date of publication, distribution, etc. 2010
300 ## - PHYSICAL DESCRIPTION
Extent p.504-28.
362 ## - DATES OF PUBLICATION AND/OR SEQUENTIAL DESIGNATION
Dates of publication and/or sequential designation Jul
520 ## - SUMMARY, ETC.
Summary, etc. We use a panel of two digit manufacturing industries to examine the role of formal training programs in productivity growth and wage growth. We find evidence for positive and decreasing effects of on-the-job training (OJT) in human capital accumulation, and therefore productivity. We find however weak evidence that OJT affects wage growth, suggesting that the firm appropriates most of the benefits from OJT programs. Off-the job training on the other hand has no effects on industrial productivity or wages. - Reproduced.
650 ## - SUBJECT ADDED ENTRY--TOPICAL TERM
Topical term or geographic name entry element Manufacturing industry
650 ## - SUBJECT ADDED ENTRY--TOPICAL TERM
Topical term or geographic name entry element United States - Manufacturing industries
650 ## - SUBJECT ADDED ENTRY--TOPICAL TERM
Topical term or geographic name entry element Training - united States
650 ## - SUBJECT ADDED ENTRY--TOPICAL TERM
Topical term or geographic name entry element Training
773 ## - HOST ITEM ENTRY
Main entry heading Oxford Economic Papers
908 ## - PUT COMMAND PARAMETER (RLIN)
Put command parameter N
909 ## -
-- 87214
Holdings
Withdrawn status Lost status Damaged status Not for loan Permanent Location Current Location Date acquired Serial Enumeration / chronology Barcode Date last seen Price effective from Koha item type
        Indian Institute of Public Administration Indian Institute of Public Administration 2018-07-19 Volume no: 62, Issue no: 3 AR87674 2018-07-19 2018-07-19 Articles

Powered by Koha